The Semai's response to Christian and Muslim missionary work /
محفوظ في:
| المؤلف الرئيسي: | |
|---|---|
| التنسيق: | أطروحة كتاب |
| اللغة: | English |
| منشور في: |
2013.
|
| الموضوعات: | |
| الوسوم: |
إضافة وسم
لا توجد وسوم, كن أول من يضع وسما على هذه التسجيلة!
|
| LEADER | 01081cam a2200277 a 4500 | ||
|---|---|---|---|
| 001 | u879497 | ||
| 003 | SIRSI | ||
| 005 | 201305131218 | ||
| 008 | 130513s2013 my a t 000 0 eng m | ||
| 040 | |a UMM | ||
| 043 | |a a-my--- | ||
| 090 | |a GN6 |b UMP 2013 Ara | ||
| 100 | 1 | |a Arabestani, Mehrdad | |
| 245 | 1 | 4 | |a The Semai's response to Christian and Muslim missionary work / |c Mehrdad Arabestani. |
| 260 | |c 2013. | ||
| 300 | |a xv, 224 leaves : |b ill. ; |c 30 cm. | ||
| 502 | |a Thesis (Ph.D) -- Jabatan Antropologi dan Sosiologi, Fakulti Sastera dan Sains Sosial, Universiti Malaya, 2013. | ||
| 504 | |a Bibliography: leaves 183-200. | ||
| 650 | 0 | |a Senoi (Southeast Asian people) |z Malaysia |x Religious life and customs. | |
| 650 | 0 | |a Senoi (Southeast Asian people) |z Malaysia |x Religion. | |
| 650 | 0 | |a Missions |z Malaysia. | |
| 650 | 0 | |a Islam |x Missions |z Malaysia. | |
| 710 | 2 | |a Universiti Malaya. |b Jabatan Antropologi dan Sosiologi. | |
| 900 | |a AT-ZA | ||
| 596 | |a 1 | ||
| 999 | |a GN6 UMP 2013 ARA |w LC |c 1 |i A515606427 |d 4/5/2016 |e 4/5/2016 |f 22/10/2013 |g 1 |l STACKS |m P01UTAMA |n 4 |r Y |s Y |t TESIS |u 18/10/2013 | ||
